Sports Quiz

Random Sports or NFL Quiz

Last 20 Saints 1000-yd Passers Quiz Stats

 Plays Quiz not verified by Sporcle

Score 0/20 Timer 10:00
0 Plays Today
Year(s) Quarterback % Correct
2006-2018Drew Brees
100%
1966Saints didn't exist yet.
100%
2000-2005Aaron Brooks
98.7%
1971-1981Archie Manning
90.9%
1985, '87-89, 92Bobby Hebert
77.9%
1994-1996Jim Everett
68.8%
2000Jeff Blake
66.2%
1982-1983Ken 'Snake' Stabler
53.2%
1998-1999Billy Joe Tolliver
50.6%
1998Kerry Collins
42.9%
Year(s) Quarterback % Correct
1993Wade Wilson
42.9%
1990-1991Steve Walsh
42.9%
1981, '85-'86Dave Wilson
42.9%
1967-1970Billy Kilmer
24.7%
1997Heath Shuler
22.1%
1984Richard Todd
16.9%
1976Bobby Douglass
13%
1970-1971Edd Hargett
13%
1967Gary Cuozzo
13%
1977Bobby Scott
10.4%

You're not logged in!

Compare scores with friends on all Sporcle quizzes.
OR
Log In

Show Comments

Extras

Top Quizzes Today


Score Distribution

Your Account Isn't Verified!

In order to create a playlist on Sporcle, you need to verify the email address you used during registration. Go to your Sporcle Settings to finish the process.

Report this User

Report this user for behavior that violates our Community Guidelines.

Details: